000 00788nam a2200253 i 4500
001 bg
100 1 _aGONTARZ, Andrzej
245 1 0 _aKucie stopów aluminium :
_baspekty technologiczne i teoretyczne procesu /
_cAndrzej Gontarz, Wiesław S. Weroński ; Politechnika Lubelska.
260 _aLublin :
_bWydawnictwa Uczelniane PL,
_c2001.
300 _a278 s. :
_bil. ;
_c24 cm.
500 _aStreszcz. ang. i franc.
504 _aBibliogr.
650 9 _aAluminium
_xtechnologia
650 9 _aStopy (metalurg.)
_xtechnologia
650 9 _aKucie
_xzagadnienia
700 1 _aWEROŃSKI, Wiesław S.
020 _a8388110446
040 _cBPK
041 0 _apl
_benfr
080 _a669.71:621.73
920 _a83-88110-44-6
942 _cKS
008 s pl f |000 0 pol
999 _c40896
_d40896
856 _uhttp://koha.tu.koszalin.pl/cgi-bin/koha/opac-detail.pl?biblionumber=40896
_yKatalog online BPK